LIBRARY & INFORMATION CENTRE, KCAET, TAVANUR

ONLINE PUBLIC ACCESS CATALOGUE (OPAC)

Agriculturre in Dry Lands: Principles and Practice (Record no. 14464)

MARC details
000 -LEADER
fixed length control field 00294nam a22001217a 4500
020 ## - INTERNATIONAL STANDARD BOOK NUMBER
ISBN 9789351070818
082 ## - DEWEY DECIMAL CLASSIFICATION NUMBER
Classification number 631.586
Item number ARN/AG
100 ## - MAIN ENTRY--AUTHOR NAME
Personal name Arnon,I
245 ## - TITLE STATEMENT
Title Agriculturre in Dry Lands: Principles and Practice
260 ## - PUBLICATION, DISTRIBUTION, ETC. (IMPRINT)
Place of publication New Delhi
Name of publisher Elsevier
Year of publication 2014
300 ## - PHYSICAL DESCRIPTION
Number of Pages 979
942 ## - ADDED ENTRY ELEMENTS (KOHA)
Koha item type Books
Holdings
Withdrawn status Lost status Damaged status Collection code Home library Current library Shelving location Date acquired Source of acquisition Cost, normal purchase price Full call number Accession Number Koha item type
        KAUAET KAUAET General Stacks 05/07/2016 Universal Research Books, Thrissur 6995.00 631.586 ARN/AG 24930 Books
free website counter